The applied art of analyzing a decision /

Bibliographic Details
Main Authors: Brown, Rex V., Kahr, Andrew S. (Author), Peterson, Cameron (Author)
Corporate Author: Marketing Science Institute
Format: Book
Language:English
Published: Cambridge, Mass. : Marketing Science Institute, 1973.
Series:Report (Marketing Science Institute)
Subjects:

MARC

Tag First Indicator Second Indicator Subfields
LEADER 00000cam a2200000 i 4500
001 in00000063719
005 20230927123752.0
008 751007s1973 maua 000 0 eng d
019 |a 1882569 
029 1 |a AU@  |b 000026442229 
035 |a (OCoLC)ocm01682715  
035 |a (OCoLC)1682715  |z (OCoLC)1882569 
035 |a (OCoLC)ocm01682715  
040 |a NHM  |b eng  |c NHM  |d OCL  |d OCLCQ  |d OCLCF  |d OCLCO  |d OCLCQ  |d OKX  |d OCLCO  |d OCLCQ  |d OCLCO 
050 4 |a HD69.D4  |b B764 
082 0 4 |a 658.403  |b B879a 
100 1 |a Brown, Rex V. 
245 1 4 |a The applied art of analyzing a decision /  |c by Rex V. Brown, Andrew S. Kahr, Cameron R. Peterson. 
260 |a Cambridge, Mass. :  |b Marketing Science Institute,  |c 1973. 
300 |a 87 pages :  |b illustrations ;  |c 28 cm 
336 |a text  |b txt  |2 rdacontent 
337 |a unmediated  |b n  |2 rdamedia 
338 |a volume  |b nc  |2 rdacarrier 
490 1 |a Marketing Science Institute. Technical report 
650 0 |a Decision making. 
650 6 |a Prise de décision. 
650 7 |a decision making.  |2 aat 
650 7 |a Decision making.  |2 fast  |0 (OCoLC)fst00889035 
700 1 |a Kahr, Andrew S.,  |e author. 
700 1 |a Peterson, Cameron,  |e author. 
710 2 |a Marketing Science Institute. 
776 0 8 |i Online version:  |a Brown, Rex V.  |t Applied art of analyzing a decision.  |d Cambridge, Mass. : Marketing Science Institute, 1973  |w (OCoLC)755254214 
830 0 |a Report (Marketing Science Institute) 
948 |h HELD BY TXA - 43 OTHER HOLDINGS 
994 |a Z0  |b TXA 
999 f f |s 32d68f8b-abbe-3860-8403-5d3ec2451c87  |i afe7d1bf-af8c-3315-a065-e18771df6a83  |t 0 
952 f f |p ric  |a Texas A&M University  |b Rellis Campus  |c Joint Library Facility  |d Remote Storage  |t 0  |e HD69.D4 B761  |h Library of Congress classification  |i unmediated -- volume  |m A14802634080 
998 f f |a HD69.D4 B761  |t 0  |l Remote Storage